| 000 | 00664nam a22001817a 4500 | ||
|---|---|---|---|
| 005 | 20210325173204.0 | ||
| 008 | s2521 th tha d | ||
| 041 | _atha | ||
| 050 | _aBQ4965 ศ6 | ||
| 245 | 1 | 0 | _aคู่มือปฏิบัติพิธีต่าง ๆ [4th] |
| 260 | 3 |
_aกรุงเทพฯ : _bกองวัฒนธรรม กรมการศาสนา กระทรวงศึกษาธิการ, _c2521 |
|
| 300 | _a65 หน้า | ||
| 650 | 0 | 4 | _aพิธีทางศาสนาและพิธีกรรม |
| 850 | _aNALT | ||
| 942 | _cGB | ||
| 997 | _c000000000000730 | ||
| 998 | _aNarumon Suwan | ||
| 999 |
_c730 _d730 |
||